000 00651nam a2200241Ia 4500
003 OSt
005 20220918204147.0
006 a|||||r|||| 00| 0
007 ta
008 220917b |||||||| |||| 00| 0 eng d
024 _a111,278
037 _cTextual
040 _aARTS
_cARTS
_beng
041 _2eng
_aeng
082 _aV51:19:D4, K5
100 _aRyder T T B
_9110940
245 0 _aKoine Eirene
_b general peace and local independence in ancient Greece
260 _c1965
490 _aUniversity of Hull publications
650 _aHISTORY
942 _hV51:19:D4, K5
_cTEXL
_2CC
999 _c234627
_d234627